[Event "Muensterland Verbandsklasse-A 0910"]
[Site "Germany"]
[Date "2009.09.19"]
[Round "1.6"]
[White "Voss, Albert"]
[Black "Klueppel, Ralf"]
[Result "1-0"]
[WhiteElo "1768"]
[BlackElo "1714"]
[PlyCount "65"]
[EventDate "2009.09.19"]
[EventType "team-tourn"]
[EventRounds "9"]
[EventCountry "GER"]
[SourceTitle "EXT 2011"]
[Source "ChessBase"]
[SourceDate "2010.11.26"]
[SourceVersion "1"]
[SourceVersionDate "2010.11.26"]
[SourceQuality "1"]
[WhiteTeam "Duelmen"]
[BlackTeam "Borken"]
[WhiteTeamCountry "GER"]
[BlackTeamCountry "GER"]

1. e4 Nc6 2. Nc3 e6 3. d4 d5 4. e5 Bd7 5. Nf3 Nge7 6. Ne2 Nf5 7. c3 Be7 8. Ng3 Nxg3 9. hxg3 Na5 10. Bd3 h6 11. b4 Nc4 12. Nd2 Nxd2 13. Bxd2 a6 14. Qg4 Kf8 15. f4 a5 16. b5 c5 17. a4 cxd4 18. Rc1 dxc3 19. Be3 Rc8 20. Rc2 Bc5 21. Bc1 Qc7 22. Qe2 Qd8 23. g4 Kg8 24. g3 Qe7 25. g5 h5 26. Rxh5 Rxh5 27. Qxh5 g6 28. Qh4 Qf8 29. Rh2 Qg7 30. Qg4 Bb4 31. Bc2 Rc4 32. Qf3 Rc8 33. Qh1 1-0